00516nam a22001577a 450000500170000000800410001702000180005805000150007610000230009124501000011425000120021426000430022630000450026970000230031470000210033720241209100940.0241209b |||||||| |||| 00| 0 eng d a9780697138293 aQE44b.Z85 aZumberge, James H. aLaboratory Manual for Physical Geology/cJames H. Zumberge, Robert H. Rutford & James L. Carter a9th ed. aDubuquebWm. C. Brown Publishersc1995 axii.228p.bill. maps. some colorc27.5cm aRutford, H. Robert aCarter, L. James